Tour de France Top 10 2013-2022 - Statistics

General Stats
  • This quiz has been taken 89 times
  • The average score is 36 of 51
Answer Stats
Years Answer Nationality % Correct
2022, 2019, 2018, 2016, 2015, 2013 Nairo Quintana Columbia
99%
2022, 2018, 2017, 2016, 2015, 2014 Romain Bardet France
99%
2018, 2017, 2016, 2015, 2013 Chris Froome UK
97%
2022, 2021, 2020 Tadej Pogacar Slovenia
96%
2014 Thibaut Pinot France
96%
2022, 2021 Jonas Vingegaard Denmark
95%
2022, 2019, 2018 Geraint Thomas UK
95%
2020, 2018 Primoz Roglic Slovenia
95%
2019, 2016, 2015, 2014, 2013 Alejandro Valverde Spain
93%
2021 Richard Carapaz Ecuador
92%
2018, 2017, 2016 Dan Martin Ireland
89%
2021 Guillaume Martin France
89%
2022, 2017, 2016 Louis Meintjes South Africa
88%
2015, 2014 Vincenzo Nibali Italy
88%
2019 Egan Bernal Columbia
87%
2022, 2021 Alexey Lutsenko Kazakhstan
85%
2017, 2015, 2013 Alberto Contador Spain
84%
2020, 2019, 2018, 2017 Mikel Landa Spain
84%
2020, 2018 Tom Dumoulin Netherlands
83%
2022, 2020, 2016 Adam Yates UK
81%
2022 Aleksandr Vlasov Russia
81%
2021, 2020, 2019, 2017 Rigoberto Uran Columbia
81%
2017 Simon Yates UK
81%
2022 David Gaudu France
80%
2019 Julian Alaphilippe France
79%
2021, 2020 Enric Mas Spain
77%
2020, 2016 Richie Porte Australia
76%
2019 Emanuel Buchmann Germany
71%
2017 Fabio Aru Italy
68%
2019, 2018 Steven Kruijswijk Netherlands
68%
2016, 2013 Roman Kreuziger Czech Rep.
67%
2016, 2013 Joaquim Rodriguez Spain
64%
2015, 2014, 2013 Bauke Mollema Netherlands
63%
2021 Ben O'Connor Australia
63%
2018 Ilnur Zakarin Russia
63%
2014 Jean-Christophe Peraud France
63%
2014 Tejay van Garderen USA
63%
2019, 2017 Warren Barguil France
59%
2020 Miguel Angel Lopez Columbia
57%
2020 Damiano Caruso Italy
56%
2021 Wilco Kelderman Netherlands
51%
2013 Jakob Fuglsang Denmark
48%
2015 Robert Gesink Netherlands
48%
2021 Pello Bilbao Spain
45%
2015 Mathias Frank Switzerland
44%
2015 Pierre Rolland France
41%
2014 Leopold Konig Czech Rep.
36%
2013 Andrew Talansky USA
33%
2014 Laurens ten Dam Netherlands
29%
2014 Haimar Zubeldia Spain
19%
2013 Daniel Navarro Spain
8%
No matching quizzes found
Score Distribution
Percent of People with Each Score
Percentile by Number Answered
Your Score History
You have not taken this quiz